Problematika záhradkových osád je stále aktuálna
Genéza záhradkových osád. Úprava vlastníckych vzťahov v záhradkových osadách.
Enregistré dans:
| Auteur principal: | |
|---|---|
| Autres auteurs: | |
| Format: | Chapitre de livre |
| Langue: | slovaque |
| Sujets: | |
| Tags: |
Pas de tags, Soyez le premier à ajouter un tag!
|
MARC
| LEADER | 00000naa a2200000 4500 | ||
|---|---|---|---|
| 001 | 0178160 | ||
| 005 | 20240502073029.3 | ||
| 041 | 0 | |a slo | |
| 044 | |a SK | ||
| 245 | 1 | 0 | |a Problematika záhradkových osád je stále aktuálna |c Vladimír Bolek, Peter Kardoš |
| 520 | |a Genéza záhradkových osád. Úprava vlastníckych vzťahov v záhradkových osadách. | ||
| 610 | 2 | 0 | |a obce |
| 610 | 2 | 0 | |a pôda |
| 610 | 2 | 0 | |a pozemky |
| 610 | 2 | 0 | |a vzťahy vlastnícke |
| 100 | 1 | |a Bolek, Vladimír, 1988- | |
| 700 | 1 | |a Kardoš, Peter | |